000 00436nmm a2200145Ia 4500
008 251105s9999||||xx |||||||||||||||||und||
041 _aspa
100 _aAnwandter, Paul
245 0 _aUn día cada día o la próxima estación
264 _a[Santiago de Chile, Chile] :
_bPatagonia,
_c2012
300 _a180 páginas
650 _aLatin American narrative
856 _uhttps://public.digitaliapublishing.com/a/23684
942 _cCF
999 _c104651
_d104651